000 00449nam a22001691a 4500
003 NEGST
005 20110718132503.0
008 030618s1925 001 0 eng d
100 1 _aWorsley, Allan.
245 1 0 _aSudanese grammar /
_cby Allan Worsley.
_h[Text]
260 _aLondon
_bS.P.C.K
_c1925
300 _avi, 80p.
500 _aIncludes index.
590 _aAccession number: 20884
650 0 _aSudan
_xLanguages
_xGrammar.
999 _c37454
_d37454